| 000 | 00666nam a2200229Ia 4500 | ||
|---|---|---|---|
| 003 | GCL | ||
| 008 | 140319s9999 xx 000 0 ara d | ||
| 040 |
_aGCL / _cGCL |
||
| 082 | 0 | 4 |
_a301.412 _bن م |
| 100 | 1 | _aنهى سمارة | |
| 245 | 1 | 0 |
_aالمرأة العربية: نظرة متفائلة / _cنهى سمارة |
| 260 |
_a[S.N] : _bدار المراة العربية ، _c1993 |
||
| 300 | _a264 ص | ||
| 490 | _a | ||
| 650 | 0 | 4 | _aمصر |
| 650 | 0 | 4 | _aالعالم العربى |
| 650 | 0 | 4 | _aالسودان |
| 650 | 0 | 4 | _aالمرأة |
| 650 | 0 | 4 | _aالمرأة فى الحياة العامة |
| 650 | 0 | 4 | _aحقوق المرأة |
| 942 |
_2ddc _cBK |
||
| 999 |
_c34571 _d34571 |
||